000 00663nmc a2200277 a 4500
003 AR-BaBNM
005 20251128202902.0
008 127019s1943 ||||||||||||||000 | spa||
040 _cAR-BaBNM
100 1 _aGoyena, Pedro
_d1843-1892
245 1 0 _aObra selecta
260 _aBuenos Aires
_bEstrada
_c1943
300 1 _ax, 313 p.
490 0 _aEstrada
650 4 _aLITERATURA ARGENTINA
650 4 _aANTOLOGIAS
650 4 _aENSAYO
650 4 _aCRITICA LITERARIA
650 4 _aCATOLICISMO
650 4 _aDISCURSOS
650 4 _aIGLESIA Y ESTADO
655 _aLITERATURA
700 1 _aNoƩ, Julio
_eprologuista
942 _cBK
998 _cMARTIN
999 _c1044
_d1044